000 00501nam a2200193 a 4500
001 1771582463486
003 YourLibrary
005 20260220154926.0
008 260220s2004##################000#0#eng##
020 _a9780333753385
082 0 4 _a337.14209
_bCLO
100 1 _aClosa, Carlos,
_eauthor.
245 1 0 _aSpain and the European Union :
260 _bPalgrave,
_c2004.
300 _a275 pages
650 0 _aPolitical Science.
942 _cENGLISH
040 _aYourLibrary
_beng
_cYourLibrary
999 _c614285
_d614285